De top 10 kleinste landen in Azie (Dutch) - Statistieken

Algemene statistieken
  • Deze quiz is 159 keer genomen
  • De gemiddelde score is 7 van 10
Antwoordstatistieken
Grootte (km²) Antwoord % Correct
765 Bahrein
93%
716 Singapore
92%
5.765 Brunei
90%
11.586 Qatar
90%
14.874 Timor-Leste/Oost-Timor
82%
17.818 Koeweit
75%
10.452 Libanon
71%
9.251 Cyprus
63%
300 Malediven
54%
6.220 Palestina
30%
Geen overeenkomende quizzen gevonden
Scoreverdeling
Procent van Mensen met Elke Score
Percentiel versus Aantal Correcte Antwoorden
Uw Scoregeschiedenis
U heeft deze quiz nog niet genomen